00410nam a22001217a 4500008004100000082002300041100002300064245003800087260004800125300002900173650006400202700002200266150424b xxu||||| |||| 00| 0 eng d a759.972.81bA 997i aAzurdia, Margarita aIluminacionescAzurdia, Margarita aGuatemalabLas ediciones de Margaritac1996 a53 p.bill. (col)c16 cm xArte ModernoxAzurdia, MargaritaxPinturaxS. 20zGuatemala aMargarita Azurdia